[Event "FIDE Olympiad Disabilties 2020"]
[Site "Online"]
[Date "2020.11.21"]
[Round "2.6"]
[White "Molina, Gildardo"]
[Black "Tuka, Oleg"]
[Result "1-0"]
[WhiteElo "1998"]
[BlackElo "2340"]
[Annotator "TA"]
[PlyCount "61"]
[EventDate "2020.11.21"]
[EventType "team-tourn"]
[EventCountry "NET"]
[SourceTitle "playchess.com"]
[Source "ChessBase"]
[SourceQuality "1"]
[WhiteTeam "Colombia"]
[BlackTeam "Ukraine"]
[WhiteTeamCountry "COL"]
[BlackTeamCountry "UKR"]

1. e4 c5 2. Nf3 e6 3. d4 cxd4 4. Nxd4 a6 5. Nc3 Qc7 6. Be3 Nf6 7. a3 b5 8. Bd3 Bb7 9. O-O Nc6 10. Nxc6 Bxc6 11. f4 Qb7 12. e5 Nd5 13. Nxd5 Bxd5 14. Qe2 Be7 15. Rad1 g6 16. Bd4 Rc8 17. a4 Bc4 18. axb5 axb5 19. b3 Bxd3 20. Rxd3 Qc6 21. Rc3 Qb7 22. Rxc8+ Qxc8 23. Qxb5 Qxc2 24. Qb8+ Bd8 25. Bb6 Ke7 26. Qd6+ Ke8 27. Bxd8 Kxd8 28. Ra1 Qc8 29. h3 h5 30. Kh2 Qb7 31. Ra6 1-0

[Event "FIDE Olympiad Disabilties 2020"]
[Site "Online"]
[Date "2020.11.21"]
[Round "2.6"]
[White "Zarubinskaya, Irina"]
[Black "Care Garcia, Jose Joaquin"]
[Result "1-0"]
[WhiteElo "1747"]
[BlackElo "1796"]
[Annotator "NA"]
[PlyCount "81"]
[EventDate "2020.11.21"]
[EventType "team-tourn"]
[EventCountry "NET"]
[SourceTitle "playchess.com"]
[Source "ChessBase"]
[SourceQuality "1"]
[WhiteTeam "Ukraine"]
[BlackTeam "Colombia"]
[WhiteTeamCountry "UKR"]
[BlackTeamCountry "COL"]

1. e4 d5 2. exd5 Qxd5 3. Nc3 Qa5 4. d4 c6 5. h3 Nf6 6. Nf3 Bf5 7. Bd3 Bg6 8. O-O Nbd7 9. Bf4 e6 10. a3 Be7 11. Re1 O-O 12. Bxg6 hxg6 13. b4 Qd8 14. Ne4 Nxe4 15. Rxe4 Nf6 16. Re1 Nd5 17. Bg3 Bf6 18. c4 Ne7 19. Rc1 Nf5 20. Be5 Bxe5 21. dxe5 Qxd1 22. Rcxd1 Rfd8 23. g4 Ne7 24. Rd6 Kf8 25. Red1 Ke8 26. Ng5 Rxd6 27. exd6 Ng8 28. d7+ Ke7 29. Nxf7 Kxf7 30. d8=Q Rxd8 31. Rxd8 Ne7 32. Rd7 b5 33. cxb5 cxb5 34. Rxa7 Kf6 35. Rb7 Nd5 36. Rxb5 Nf4 37. a4 Nxh3+ 38. Kf1 Nf4 39. a5 Nd5 40. Rxd5 exd5 41. a6 1-0

[Event "FIDE Olympiad Disabilties 2020"]
[Site "Online"]
[Date "2020.11.21"]
[Round "2.6"]
[White "Bautista Chiquillo, Leidy"]
[Black "Grigorchuk, Sergey"]
[Result "0-1"]
[WhiteElo "1638"]
[BlackElo "2213"]
[Annotator "NA"]
[PlyCount "132"]
[EventDate "2020.11.21"]
[EventType "team-tourn"]
[EventCountry "NET"]
[SourceTitle "playchess.com"]
[Source "ChessBase"]
[SourceQuality "1"]
[WhiteTeam "Colombia"]
[BlackTeam "Ukraine"]
[WhiteTeamCountry "COL"]
[BlackTeamCountry "UKR"]

1. Nf3 d5 2. b3 c5 3. e3 Nf6 4. Bb2 e6 5. Be2 Nc6 6. Ne5 Nxe5 7. Bxe5 Be7 8. d3 O-O 9. Nd2 Bd6 10. Bb2 e5 11. c4 d4 12. O-O Bd7 13. Bf3 Qc7 14. Ne4 Nxe4 15. Bxe4 f5 16. Bd5+ Kh8 17. Qf3 Rae8 18. exd4 cxd4 19. h3 Bc6 20. Bxc6 bxc6 21. Rae1 c5 22. Qd1 e4 23. Re2 Re6 24. b4 cxb4 25. Bxd4 Rd8 26. Qa1 Bh2+ 27. Kh1 Be5 28. Bxe5 Qxe5 29. Qxe5 Rxe5 30. dxe4 Rxe4 31. Rxe4 fxe4 32. Re1 Rd4 33. c5 Kg8 34. Rc1 Kf7 35. c6 Rd8 36. Rc4 Rc8 37. Rxb4 Rxc6 38. Rxe4 Rc2 39. a4 Rxf2 40. Rc4 a6 41. Rc7+ Kg6 42. Rc6+ Rf6 43. Rc4 h5 44. g3 Kf5 45. Kg2 g6 46. Rf4+ Ke5 47. Rxf6 Kxf6 48. Kf3 Kf5 49. Ke3 Ke5 50. Kf3 g5 51. Ke3 a5 52. h4 g4 53. Kd3 Kd5 54. Ke3 Kc4 55. Kf4 Kb4 56. Kg5 Kxa4 57. Kxh5 Kb5 58. Kxg4 a4 59. h5 a3 60. h6 a2 61. Kh5 a1=Q 62. g4 Kc6 63. g5 Kd7 64. h7 Qg7 65. g6 Ke6 66. Kg5 Ke5 0-1

[Event "FIDE Olympiad Disabilties 2020"]
[Site "Online"]
[Date "2020.11.21"]
[Round "2.7"]
[White "Babarykin, Stanislav"]
[Black "Redor, Menandro"]
[Result "1-0"]
[WhiteElo "2387"]
[BlackElo "2019"]
[Annotator "RC"]
[PlyCount "71"]
[EventDate "2020.11.21"]
[EventType "team-tourn"]
[EventCountry "NET"]
[SourceTitle "playchess.com"]
[Source "ChessBase"]
[SourceQuality "1"]
[WhiteTeam "Russia"]
[BlackTeam "Philippines"]
[WhiteTeamCountry "RUS"]
[BlackTeamCountry "PHI"]

1. d4 Nf6 2. Bf4 d5 3. e3 c5 4. c3 Nc6 5. Nd2 e6 6. Ngf3 cxd4 7. exd4 Bd6 8. Bxd6 Qxd6 9. Bd3 Bd7 10. O-O O-O 11. Qe2 Rac8 12. Ne5 Ne7 13. f4 Ng6 14. Rae1 a6 15. Qe3 b5 16. Nxd7 Nxd7 17. f5 exf5 18. Bxf5 Rce8 19. Qxe8 Rxe8 20. Rxe8+ Ngf8 21. Bxd7 Qxd7 22. Ra8 Qb7 23. Rd8 f6 24. Nb3 Qe7 25. Rxd5 Qe3+ 26. Kh1 g6 27. h3 f5 28. Re5 Qg3 29. Nc5 h5 30. Re8 Qd6 31. Rfe1 f4 32. Ne6 f3 33. Rxf8+ Kh7 34. Rxf3 a5 35. Ng5+ Kg7 36. Rf7+ 1-0

[Event "FIDE Olympiad Disabilties 2020"]
[Site "Online"]
[Date "2020.11.21"]
[Round "2.7"]
[White "Suslov, Evgeniy"]
[Black "Aguilera, Felix"]
[Result "1-0"]
[WhiteElo "2236"]
[BlackElo "1785"]
[Annotator "TA"]
[PlyCount "105"]
[EventDate "2020.11.21"]
[EventType "team-tourn"]
[EventCountry "NET"]
[SourceTitle "playchess.com"]
[Source "ChessBase"]
[SourceQuality "1"]
[WhiteTeam "Russia"]
[BlackTeam "Philippines"]
[WhiteTeamCountry "RUS"]
[BlackTeamCountry "PHI"]

1. Nf3 Nf6 2. g3 g6 3. b3 Bg7 4. Bb2 b6 5. Bg2 Bb7 6. c4 c5 7. O-O O-O 8. Nc3 Na6 9. d4 cxd4 10. Qxd4 Ne4 11. Qe3 Nxc3 12. Bxc3 Bxc3 13. Qxc3 Nc5 14. Rad1 Qc7 15. Qd2 Rad8 16. Qh6 Bxf3 17. Bxf3 Qe5 18. Rd5 Qf6 19. Rfd1 d6 20. h4 Nd7 21. Qd2 Ne5 22. Bg2 h5 23. Qd4 Kg7 24. Bh3 Rb8 25. f4 Nc6 26. Qxf6+ Kxf6 27. e4 Rfd8 28. Kf2 Nb4 29. e5+ Kg7 30. R5d2 Rf8 31. exd6 e6 32. Bg2 Rfd8 33. a3 Na6 34. b4 Rf8 35. Bc6 Rbd8 36. Bb7 Nb8 37. c5 bxc5 38. bxc5 Rd7 39. c6 Rxb7 40. cxb7 Nd7 41. Rc2 Rb8 42. Rc7 Nb6 43. d7 Rd8 44. Rc8 Rxd7 45. Rxd7 Nxd7 46. Rd8 Nc5 47. b8=Q Ne4+ 48. Kf3 Nd2+ 49. Rxd2 g5 50. Qe5+ f6 51. Rd7+ Kg6 52. Qe4+ f5 53. Qxe6# 1-0

[Event "FIDE Olympiad Disabilties 2020"]
[Site "Online"]
[Date "2020.11.21"]
[Round "2.7"]
[White "Subaste, Arman"]
[Black "Obodchuk, Andrei"]
[Result "0-1"]
[WhiteElo "1894"]
[BlackElo "2299"]
[Annotator "NA RC"]
[PlyCount "86"]
[EventDate "2020.11.21"]
[EventType "team-tourn"]
[EventCountry "NET"]
[SourceTitle "playchess.com"]
[Source "ChessBase"]
[SourceQuality "1"]
[WhiteTeam "Philippines"]
[BlackTeam "Russia"]
[WhiteTeamCountry "PHI"]
[BlackTeamCountry "RUS"]

1. e4 e5 2. Nf3 Nc6 3. d3 Nf6 4. g3 d5 5. exd5 Nxd5 6. Bg2 Bc5 7. O-O O-O 8. Nxe5 Nxe5 9. d4 Bg4 10. f3 Nb4 11. c3 Bf5 12. Na3 Bb6 13. cxb4 Qxd4+ 14. Qxd4 Bxd4+ 15. Kh1 Nd3 16. Nb5 Bb6 17. Nc3 Nf2+ 18. Kg1 Rfe8 19. Nd5 Nd3+ 20. Kh1 Rad8 21. Nxb6 axb6 22. g4 Bd7 23. Bg5 f6 24. Bh4 Nxb4 25. Bg3 Nd5 26. Rfe1 c5 27. h3 Bc6 28. Kh2 Ne3 29. Bc7 Rd2 30. Rg1 Bxf3 31. Bf4 Bxg2 32. Bxe3 Rxe3 33. Rxg2 Rxg2+ 34. Kxg2 Re2+ 35. Kf3 Rxb2 36. a4 Rb3+ 37. Kf4 Rxh3 38. Rb1 Ra3 39. Rxb6 Rxa4+ 40. Kf5 Ra8 41. Rxb7 Rc8 42. Rb3 c4 43. Rc3 Kf7 0-1

[Event "FIDE Olympiad Disabilties 2020"]
[Site "Online"]
[Date "2020.11.21"]
[Round "2.7"]
[White "Angot, Cheryl A."]
[Black "Kaydanovich, Marina"]
[Result "0-1"]
[WhiteElo "1315"]
[BlackElo "1734"]
[Annotator "NA"]
[PlyCount "28"]
[EventDate "2020.11.21"]
[EventType "team-tourn"]
[EventCountry "NET"]
[SourceTitle "playchess.com"]
[Source "ChessBase"]
[SourceQuality "1"]
[WhiteTeam "Philippines"]
[BlackTeam "Russia"]
[WhiteTeamCountry "PHI"]
[BlackTeamCountry "RUS"]

1. e4 c5 2. Nf3 d6 3. c3 e5 4. Bc4 Be7 5. Qb3 Nh6 6. d4 O-O 7. Bxh6 gxh6 8. dxe5 Nc6 9. Bd5 Nxe5 10. Nxe5 dxe5 11. O-O Qd6 12. c4 Kh8 13. Nc3 Qg6 14. Ne2 Rb8 0-1

[Event "FIDE Olympiad Disabilties 2020"]
[Site "Online"]
[Date "2020.11.21"]
[Round "2.8"]
[White "Mukha, Nikolay"]
[Black "Lipilin, Ilia"]
[Result "0-1"]
[WhiteElo "2163"]
[BlackElo "2189"]
[Annotator "NA"]
[PlyCount "180"]
[EventDate "2020.11.21"]
[EventType "team-tourn"]
[EventCountry "NET"]
[SourceTitle "playchess.com"]
[Source "ChessBase"]
[SourceQuality "1"]
[WhiteTeam "Ukraine"]
[BlackTeam "Russia"]
[WhiteTeamCountry "UKR"]
[BlackTeamCountry "RUS"]

1. d4 f5 2. g3 Nf6 3. Bg2 g6 4. Nf3 d6 5. O-O Bg7 6. c4 O-O 7. Nc3 c6 8. b3 e5 9. dxe5 Ng4 10. Bg5 Qa5 11. Rc1 dxe5 12. e4 Na6 13. Qd6 Qc5 14. Qxc5 Nxc5 15. Be7 fxe4 16. Bxf8 Bxf8 17. Ng5 Bh6 18. h4 e3 19. f3 e2 20. Rfe1 Bxg5 21. hxg5 Nd3 22. fxg4 Bxg4 23. Ra1 Nxe1 24. Rxe1 Rd8 25. Nxe2 Rd2 26. Nc3 Rc2 27. Ne4 Kf8 28. a4 Rb2 29. Nf6 Bf5 30. Rxe5 Rxb3 31. g4 Bd3 32. c5 a5 33. Nxh7+ Kf7 34. Nf6 Rb4 35. Be4 Be2 36. Bxc6 bxc6 37. Rxe2 Rxa4 38. Kf2 Rf4+ 39. Ke3 Rc4 40. Ne4 Ke6 41. Kf4 Kd5 42. Kf3 a4 43. Rd2+ Ke5 44. Nf2 Rc3+ 45. Nd3+ Kd4 46. Ke2 Ke4 47. Nf2+ Ke5 48. Ra2 a3 49. Kd2 Rg3 50. Kc2 Kd4 51. Ra1 Rg2 52. Rd1+ Ke3 53. Rd3+ Kxf2 54. Rxa3 Rxg4 55. Ra6 Rc4+ 56. Kd3 Rxc5 57. Ke4 Kg3 58. Kd3 Kf4 59. Kd4 Rc1 60. Ra5 c5+ 61. Kd3 Kxg5 62. Kd2 Rc4 63. Kd3 Rd4+ 64. Ke3 Rd5 65. Ke4 Rf5 66. Ra6 c4 67. Rc6 Rf4+ 68. Ke3 Rg4 69. Kf3 Rh4 70. Rc5+ Kh6 71. Rc7 Rh3+ 72. Kg4 Rc3 73. Kh4 Rc1 74. Kg4 c3 75. Kg3 Kg5 76. Rc5+ Kf6 77. Kg2 Ke6 78. Rc6+ Kf5 79. Rc5+ Ke4 80. Rc6 Kd3 81. Rxg6 Re1 82. Rd6+ Kc2 83. Kf2 Re8 84. Rb6 Kc1 85. Rb7 c2 86. Rb6 Re5 87. Rb8 Kd2 88. Rd8+ Kc3 89. Rc8+ Kd3 90. Rd8+ Kc4 0-1

[Event "FIDE Olympiad Disabilties 2020"]
[Site "Online"]
[Date "2020.11.21"]
[Round "2.8"]
[White "Anfinogenov, Artem"]
[Black "Bondarets, Vadim"]
[Result "1-0"]
[WhiteElo "2061"]
[BlackElo "2210"]
[Annotator "NA"]
[PlyCount "103"]
[EventDate "2020.11.21"]
[EventType "team-tourn"]
[EventCountry "NET"]
[SourceTitle "playchess.com"]
[Source "ChessBase"]
[SourceQuality "1"]
[WhiteTeam "Russia"]
[BlackTeam "Ukraine"]
[WhiteTeamCountry "RUS"]
[BlackTeamCountry "UKR"]

1. e4 d6 2. d4 Nf6 3. Nc3 g6 4. f4 Bg7 5. Nf3 c5 6. Bb5+ Bd7 7. Bxd7+ Qxd7 8. d5 O-O 9. O-O e6 10. dxe6 Qxe6 11. f5 Qd7 12. Bf4 Rd8 13. Qe2 Nc6 14. Rad1 Qe7 15. Bg5 Qe8 16. Bxf6 Bxf6 17. Nd5 Bg7 18. f6 Bh6 19. Nc7 Qd7 20. Nxa8 Rxa8 21. Qd3 Rd8 22. e5 d5 23. c3 a6 24. g3 Qe6 25. Rfe1 b5 26. Kg2 d4 27. cxd4 cxd4 28. Qe4 Re8 29. b3 Be3 30. h3 h6 31. Re2 Qxf6 32. Qxe3 Rxe5 33. Qd3 Rd5 34. Re4 Nb4 35. Qd2 Nc6 36. Qxh6 Rd8 37. Rde1 Rf8 38. Re8 Qg7 39. Qxg7+ Kxg7 40. Rxf8 Kxf8 41. Rd1 Nb4 42. Nxd4 Nxa2 43. Ra1 Nb4 44. Re1 Nd3 45. Re3 Nb4 46. Kf3 Nd5 47. Re5 Nb4 48. Nxb5 axb5 49. Rxb5 Nc6 50. Rb7 Kg7 51. b4 Kf6 52. Rb6 1-0

[Event "FIDE Olympiad Disabilties 2020"]
[Site "Online"]
[Date "2020.11.21"]
[Round "2.8"]
[White "Tsapalin, Sergey"]
[Black "Biryulin, Boris"]
[Result "1-0"]
[WhiteElo "1943"]
[BlackElo "1910"]
[Annotator "TA"]
[PlyCount "99"]
[EventDate "2020.11.21"]
[EventType "team-tourn"]
[EventCountry "NET"]
[SourceTitle "playchess.com"]
[Source "ChessBase"]
[SourceQuality "1"]
[WhiteTeam "Russia"]
[BlackTeam "Ukraine"]
[WhiteTeamCountry "RUS"]
[BlackTeamCountry "UKR"]

1. d4 d5 2. c4 e6 3. Nc3 Nf6 4. cxd5 exd5 5. Bg5 Be7 6. e3 h6 7. Bh4 O-O 8. Bd3 c6 9. Nge2 b5 10. O-O a5 11. a3 Ba6 12. Qc2 Re8 13. Rfb1 b4 14. axb4 axb4 15. Na4 Bxd3 16. Qxd3 Ne4 17. Bxe7 Qxe7 18. Ng3 Nd7 19. Nxe4 Qxe4 20. Qxe4 Rxe4 21. b3 f5 22. g3 g5 23. Rc1 Ra6 24. Kf1 f4 25. Ke2 fxe3 26. fxe3 Kf7 27. Kd3 h5 28. Nc5 Nxc5+ 29. dxc5 Rxa1 30. Rxa1 h4 31. Ra6 hxg3 32. hxg3 Rg4 33. Rxc6 Rxg3 34. Rd6 Rg1 35. Rxd5 Ke6 36. Rd4 Rc1 37. Rc4 Rd1+ 38. Ke2 Rd5 39. c6 Rd8 40. c7 Rc8 41. Kf3 Kf5 42. e4+ Kf6 43. Kg4 Kg6 44. e5 Kf7 45. Kxg5 Ke6 46. Kf4 Kd5 47. Kf5 Rf8+ 48. Kg6 Rc8 49. Kf6 Rf8+ 50. Ke7 1-0

[Event "FIDE Olympiad Disabilties 2020"]
[Site "Online"]
[Date "2020.11.21"]
[Round "2.8"]
[White "Solomna, Svitlana"]
[Black "Dorozhkina, Mariya"]
[Result "1-0"]
[WhiteElo "1434"]
[BlackElo "1705"]
[Annotator "NA"]
[PlyCount "169"]
[EventDate "2020.11.21"]
[EventType "team-tourn"]
[EventCountry "NET"]
[SourceTitle "playchess.com"]
[Source "ChessBase"]
[SourceQuality "1"]
[WhiteTeam "Ukraine"]
[BlackTeam "Russia"]
[WhiteTeamCountry "UKR"]
[BlackTeamCountry "RUS"]

1. d4 Nf6 2. Nf3 g6 3. Bf4 d5 4. h3 Bg7 5. e3 O-O 6. Bd3 c5 7. b3 Nc6 8. c3 Re8 9. O-O Ne4 10. Qc2 Nf6 11. Nbd2 Nh5 12. Bh2 a6 13. a4 Qa5 14. Rfe1 Bd7 15. Rab1 Rac8 16. Qd1 Qxc3 17. Nf1 cxd4 18. exd4 Nxd4 19. Nxd4 Qxd4 20. Qf3 Rc3 21. Red1 e5 22. Qe2 Qb4 23. Ne3 Qc5 24. b4 Qc6 25. a5 e4 26. Bc2 d4 27. Bb3 dxe3 28. fxe3 Be5 29. Bxe5 Rxe5 30. Qf2 Rf5 31. Qh4 Rd3 32. Rdc1 Qf6 33. Qe1 Bc6 34. Rc2 Ng7 35. Ba2 Qg5 36. Re2 h5 37. Rc1 Ne8 38. Bc4 Rd6 39. Qc3 Nf6 40. Qb3 Nd5 41. Rd1 Rf3 42. Kh1 Rf5 43. b5 axb5 44. Bxb5 Nxe3 45. Rxd6 Rf1+ 46. Kh2 Qe5+ 47. g3 Ng4+ 48. Kg2 Qxd6 49. Kxf1 Bxb5 50. Qxb5 Qd1+ 51. Re1 Nh2+ 52. Kf2 Qd2+ 53. Qe2 Qxe2+ 54. Rxe2 Nf3 55. Rxe4 Ng5 56. Rh4 Kf8 57. Kg2 Ke7 58. Rb4 Kd6 59. Rxb7 Kc6 60. Rb1 Ne6 61. Kf3 Nc7 62. Kf4 f6 63. g4 h4 64. Rb6+ Kc5 65. Rxf6 Nd5+ 66. Kg5 Nxf6 67. Kxf6 Kb5 68. Kxg6 Kxa5 69. Kg5 Kb5 70. Kxh4 Kc5 71. Kg5 Kd5 72. Kf5 Kd6 73. g5 Ke7 74. Kg6 Kf8 75. h4 Kg8 76. h5 Kh8 77. Kf6 Kg8 78. h6 Kh7 79. Kf7 Kh8 80. Kf8 Kh7 81. Kf7 Kh8 82. Kg6 Kg8 83. h7+ Kh8 84. Kf7 Kxh7 85. g6+ 1-0

[Event "FIDE Olympiad Disabilties 2020"]
[Site "Online"]
[Date "2020.11.21"]
[Round "2.9"]
[White "Zafirovski, Tode"]
[Black "Sahin, Handenur"]
[Result "0-1"]
[WhiteElo "2138"]
[BlackElo "1997"]
[Annotator "NA"]
[PlyCount "138"]
[EventDate "2020.11.21"]
[EventType "team-tourn"]
[EventCountry "NET"]
[SourceTitle "playchess.com"]
[Source "ChessBase"]
[SourceQuality "1"]
[WhiteTeam "Macedonia"]
[BlackTeam "Turkey"]
[WhiteTeamCountry "MKD"]
[BlackTeamCountry "TUR"]

1. e4 e5 2. Nf3 Nc6 3. Bc4 Nf6 4. d3 Bc5 5. Nc3 a6 6. Bg5 Be7 7. O-O d6 8. h3 Na5 9. Bb3 Nxb3 10. axb3 O-O 11. Re1 h6 12. Bh4 Nh7 13. Bxe7 Qxe7 14. Nd5 Qd8 15. Ne3 c6 16. d4 Qf6 17. Nc4 Ng5 18. Nxg5 Qxg5 19. Re3 Rd8 20. Rg3 Qf6 21. d5 c5 22. Nb6 Rb8 23. Qd2 Rf8 24. Rf1 Qh4 25. Qd3 f5 26. Nxc8 fxe4 27. Qe3 Rbxc8 28. Rg4 Qf6 29. Qxe4 Qf5 30. Qe2 Rce8 31. b4 Rc8 32. bxc5 Rxc5 33. c4 b5 34. b3 Kh8 35. b4 Rxc4 36. Rxc4 bxc4 37. Qxc4 e4 38. Qxa6 Qxd5 39. Qe2 Rb8 40. Rd1 Qe5 41. Qc4 Rf8 42. Qd4 Qf5 43. b5 Qxb5 44. Qxd6 Qf5 45. Qg3 Qb5 46. Re1 Qb4 47. Qe3 Qb2 48. Re2 Qb1+ 49. Kh2 Qb8+ 50. g3 Qb7 51. Kg2 Re8 52. Kh2 Rf8 53. Kg2 Re8 54. Kg1 Qb1+ 55. Re1 Qb8 56. Qd4 Qc7 57. h4 Qc2 58. Ra1 Qe2 59. Ra7 Qg4 60. Rf7 Qg6 61. Rf4 e3 62. fxe3 Qxg3+ 63. Kh1 Rxe3 64. Rf1 Qh3+ 65. Kg1 Rg3+ 66. Kf2 Rf3+ 67. Ke2 Qxf1+ 68. Kd2 Qf2+ 69. Kc1 Qxd4 0-1

[Event "FIDE Olympiad Disabilties 2020"]
[Site "Online"]
[Date "2020.11.21"]
[Round "2.9"]
[White "Gjorgjevski, Janco"]
[Black "Saltik, Suleyman"]
[Result "0-1"]
[WhiteElo "1904"]
[BlackElo "1639"]
[Annotator "NA"]
[PlyCount "88"]
[EventDate "2020.11.21"]
[EventType "team-tourn"]
[EventCountry "NET"]
[SourceTitle "playchess.com"]
[Source "ChessBase"]
[SourceQuality "1"]
[WhiteTeam "Macedonia"]
[BlackTeam "Turkey"]
[WhiteTeamCountry "MKD"]
[BlackTeamCountry "TUR"]

1. c4 e6 2. Nc3 Nf6 3. Nf3 d5 4. cxd5 exd5 5. d4 Bd6 6. Bg5 c6 7. Qc2 O-O 8. e3 Re8 9. Bd3 h6 10. Bh4 Na6 11. a3 Nc7 12. O-O Bg4 13. Nd2 Bh5 14. Rab1 Bxh2+ 15. Kh1 Bd6 16. e4 dxe4 17. Ndxe4 g5 18. Bg3 Bxg3 19. Nxg3 Qxd4 20. Nf5 Qf4 21. f3 Ncd5 22. Nxd5 Nxd5 23. g4 Bg6 24. Nxh6+ Kg7 25. Nf5+ Bxf5 26. Bxf5 Rh8+ 27. Kg1 Qg3+ 28. Qg2 Qxg2+ 29. Kxg2 Ne3+ 30. Kg3 Nxf1+ 31. Rxf1 Rad8 32. Rf2 Rd1 33. f4 Rg1+ 34. Kf3 Rh3+ 35. Ke4 Re1+ 36. Kd4 gxf4 37. Rxf4 Rh2 38. b3 Ree2 39. Bd3 Rhf2 40. Rxf2 Rxf2 41. Kc5 Rd2 42. Bf5 Rd5+ 43. Kc4 Rxf5 44. gxf5 Kf6 0-1

[Event "FIDE Olympiad Disabilties 2020"]
[Site "Online"]
[Date "2020.11.21"]
[Round "2.9"]
[White "Sahin, Huseyin"]
[Black "Andreieva, Olga A"]
[Result "1-0"]
[WhiteElo "1788"]
[BlackElo "2250"]
[Annotator "NA"]
[PlyCount "61"]
[EventDate "2020.11.21"]
[EventType "team-tourn"]
[EventCountry "NET"]
[SourceTitle "playchess.com"]
[Source "ChessBase"]
[SourceQuality "1"]
[WhiteTeam "Turkey"]
[BlackTeam "Ukraine"]
[WhiteTeamCountry "TUR"]
[BlackTeamCountry "UKR"]

1. d4 d5 2. e3 e6 3. f4 Nf6 4. Nf3 Be7 5. Bd3 O-O 6. O-O c5 7. c3 Nc6 8. Nbd2 cxd4 9. exd4 Bd7 10. Ne5 Rc8 11. Qe2 a6 12. Ndf3 Qc7 13. Nxd7 Qxd7 14. Ne5 Qc7 15. Bd2 b5 16. b4 Bd6 17. a4 bxa4 18. Rxa4 Ra8 19. Rfa1 Ne7 20. Rxa6 Rxa6 21. Rxa6 Nf5 22. g4 Nh4 23. h3 Rd8 24. b5 Bf8 25. g5 Nd7 26. Bxh7+ Kxh7 27. Qh5+ Kg8 28. Qxf7+ Kh8 29. Qh5+ Kg8 30. Qxh4 Nxe5 31. fxe5 1-0

[Event "FIDE Olympiad Disabilties 2020"]
[Site "Online"]
[Date "2020.11.21"]
[Round "2.10"]
[White "Leonard Torres, Pedro"]
[Black "Acs, Gabor"]
[Result "0-1"]
[WhiteElo "2173"]
[BlackElo "1977"]
[Annotator "TA"]
[PlyCount "64"]
[EventDate "2020.11.21"]
[EventType "team-tourn"]
[EventCountry "NET"]
[SourceTitle "playchess.com"]
[Source "ChessBase"]
[SourceQuality "1"]
[WhiteTeam "Cuba"]
[BlackTeam "Hungary"]
[WhiteTeamCountry "CUB"]
[BlackTeamCountry "HUN"]

1. e4 e5 2. Nf3 Nc6 3. d4 exd4 4. Nxd4 Bc5 5. Be3 Qf6 6. c3 Nge7 7. Bb5 Bb6 8. O-O O-O 9. Na3 d5 10. exd5 Nxd4 11. cxd4 Nxd5 12. Nc4 c6 13. Nxb6 axb6 14. Bc4 Rd8 15. Qd2 h6 16. a4 Qg6 17. Kh1 Be6 18. Be2 Bf5 19. Ra3 Rd7 20. Rd1 Rad8 21. Bf3 c5 22. Qe1 Nb4 23. dxc5 Nc2 24. Rxd7 Rxd7 25. Qc1 Nxa3 26. bxa3 Be4 27. cxb6 Bxf3 28. gxf3 Rd6 29. a5 Qf5 30. Kg2 Rg6+ 31. Kf1 Qd3+ 32. Ke1 Rg1# 0-1

[Event "FIDE Olympiad Disabilties 2020"]
[Site "Online"]
[Date "2020.11.21"]
[Round "2.10"]
[White "Paal, Attila"]
[Black "Larduet Despaigne, Carlos"]
[Result "1-0"]
[WhiteElo "2148"]
[BlackElo "2293"]
[Annotator "NA"]
[PlyCount "157"]
[EventDate "2020.11.21"]
[EventType "team-tourn"]
[EventCountry "NET"]
[SourceTitle "playchess.com"]
[Source "ChessBase"]
[SourceQuality "1"]
[WhiteTeam "Hungary"]
[BlackTeam "Cuba"]
[WhiteTeamCountry "HUN"]
[BlackTeamCountry "CUB"]

1. Nf3 d5 2. c4 c6 3. cxd5 cxd5 4. d4 Nc6 5. Nc3 Nf6 6. Bf4 a6 7. Rc1 e6 8. e3 Be7 9. h3 O-O 10. Bd3 Bd7 11. O-O Rc8 12. Bb1 b5 13. Ne5 Be8 14. Qd3 b4 15. Ng4 g6 16. Ne2 Nxg4 17. hxg4 Bd7 18. Qxa6 Ra8 19. Qd3 Qb6 20. b3 Rfc8 21. Qd2 Na7 22. Rxc8+ Rxc8 23. Rc1 Rxc1+ 24. Nxc1 Nb5 25. Ne2 Na3 26. Bd3 Bb5 27. f3 Qa6 28. Nc1 Qc6 29. Kf2 Kf8 30. Ke1 Ke8 31. Kd1 Bxd3 32. Qxd3 Kd7 33. Ne2 f6 34. e4 Ke8 35. Bc1 Nb5 36. Qc2 Qb7 37. Bd2 Kf7 38. exd5 exd5 39. Qd3 Qc6 40. Qe3 Bd6 41. Nf4 Be7 42. Ne2 Bd6 43. g3 Be7 44. f4 Bd6 45. f5 g5 46. Qe6+ Kg7 47. Bxb4 Qc7 48. Bxd6 Nxd6 49. Qxd5 Qb6 50. Qc5 Qb8 51. Nc3 Nf7 52. Ne4 Qe8 53. Qd5 Qe7 54. Qe6 Qd8 55. d5 Ne5 56. d6 Nxg4 57. d7 Ne5 58. Nxf6 Qa5 59. d8=Q Qxd8+ 60. Nd5 Ng4 61. Ke2 h5 62. Kf3 Nh2+ 63. Kg2 Ng4 64. Qg6+ Kh8 65. Qxh5+ Kg7 66. Qxg4 Qxd5+ 67. Qf3 Qd2+ 68. Kh3 Qxa2 69. Kg4 Qd2 70. Qb7+ Kf8 71. Qc8+ Kg7 72. Qc7+ Kf8 73. f6 Qd1+ 74. Kxg5 Qd2+ 75. Qf4 Qd5+ 76. Kh6 Qh1+ 77. Kg6 Qb1+ 78. Qf5 Qc1 79. b4 1-0

[Event "FIDE Olympiad Disabilties 2020"]
[Site "Online"]
[Date "2020.11.21"]
[Round "2.10"]
[White "Marrero Infante, Karla"]
[Black "Paal, Andras"]
[Result "1/2-1/2"]
[WhiteElo "1812"]
[BlackElo "2060"]
[Annotator "NA"]
[PlyCount "106"]
[EventDate "2020.11.21"]
[EventType "team-tourn"]
[EventCountry "NET"]
[SourceTitle "playchess.com"]
[Source "ChessBase"]
[SourceQuality "1"]
[WhiteTeam "Cuba"]
[BlackTeam "Hungary"]
[WhiteTeamCountry "CUB"]
[BlackTeamCountry "HUN"]

1. e4 c5 2. Nf3 d6 3. d4 cxd4 4. Nxd4 Nf6 5. Nc3 Nc6 6. Bb5 Bd7 7. Bg5 Nxd4 8. Bxd7+ Nxd7 9. Qxd4 Qb6 10. Qxb6 Nxb6 11. Nb5 Rc8 12. Rc1 a6 13. Nc3 g6 14. Nd5 Nxd5 15. exd5 Bg7 16. c3 Rc5 17. Rd1 h6 18. Be3 Rc8 19. O-O b5 20. a3 O-O 21. Bd4 Rc7 22. f4 Rfc8 23. f5 Rc4 24. Bxg7 Kxg7 25. fxg6 fxg6 26. Rde1 R4c7 27. Re6 Rf8 28. Rxf8 Kxf8 29. Rxg6 Rc5 30. Rxh6 Rxd5 31. b3 Kg7 32. Rh3 Rd2 33. Rg3+ Kf7 34. h4 Kf6 35. h5 Rd5 36. Rh3 Kg7 37. h6+ Kh7 38. Kf2 Rd2+ 39. Kf1 Rd1+ 40. Kf2 Rd2+ 41. Kg1 e5 42. g4 e4 43. g5 Rd1+ 44. Kf2 Rd2+ 45. Ke1 Rg2 46. Rh5 d5 47. Kf1 Rg3 48. Kf2 Rg4 49. Ke3 Rg1 50. Kf4 Rf1+ 51. Ke3 Rg1 52. Kf4 Rf1+ 53. Ke3 Rg1 1/2-1/2

[Event "FIDE Olympiad Disabilties 2020"]
[Site "Online"]
[Date "2020.11.21"]
[Round "2.10"]
[White "Gaspar, Muriel Aranka"]
[Black "Interian Rodriguez, Alberto D."]
[Result "0-1"]
[WhiteElo "1423"]
[BlackElo "2119"]
[Annotator "NA"]
[PlyCount "54"]
[EventDate "2020.11.21"]
[EventType "team-tourn"]
[EventCountry "NET"]
[SourceTitle "playchess.com"]
[Source "ChessBase"]
[SourceQuality "1"]
[WhiteTeam "Hungary"]
[BlackTeam "Cuba"]
[WhiteTeamCountry "HUN"]
[BlackTeamCountry "CUB"]

1. e4 c5 2. Nf3 d6 3. d4 cxd4 4. Nxd4 Nf6 5. Nc3 g6 6. f3 Bg7 7. Be3 O-O 8. Qd2 Nc6 9. O-O-O d5 10. exd5 Nxd5 11. Nxc6 bxc6 12. Nxd5 cxd5 13. Qxd5 Qc7 14. Qxa8 Bf5 15. Qxf8+ Kxf8 16. Bd3 Qe5 17. Kd2 Bxd3 18. Kxd3 Qxb2 19. Rd2 Qxa2 20. Ke2 f5 21. Rhd1 a5 22. Bd4 Bxd4 23. Rxd4 Qxc2+ 24. R1d2 Qb1 25. Rd1 Qb5+ 26. Ke1 a4 27. Ra1 Qe5+ 0-1